000 00895cam a2200277 4500
001 4560
005 20181127173649.0
008 091130s2009 nyu 000 1 eng
010 _a 2009049965
020 _a9780061929373
043 _anwjm---
_acc-----
100 1 _aCrichton, Michael,
_d1942-2008.
245 1 0 _aPirate latitudes :
_ba novel /
_cMichael Crichton.
250 _a1st ed.
260 _aNew York :
_bHarper,
_c2009.
300 _a400 p. ;
_c24 cm.
520 _a""Michael Crichton presents a story about pirates in the New World""--Provided by publisher.
650 0 _aNaval history, Modern
_y17th century
_vFiction.
650 0 _aPirates
_vFiction.
650 0 _aShip captains
_vFiction.
651 0 _aCaribbean Area
_vFiction.
651 0 _aJamaica
_vFiction.
655 7 _aAdventure fiction.
_2gsafd
655 7 _aSea stories.
_2gsafd
999 _c3780
_d3780